Detalles MARC
| 000 -CABECERA |
| campo de control de longitud fija |
01077nam a22002897a 4500 |
| 003 - IDENTIFICADOR DEL NÚMERO DE CONTROL |
| campo de control |
DO-SdBNP |
| 005 - FECHA Y HORA DE LA ÚLTIMA TRANSACCIÓN |
| campo de control |
20210831115334.0 |
| 007 - CAMPO FIJO DE DESCRIPCIÓN FÍSICA--INFORMACIÓN GENERAL |
| campo de control de longitud fija |
ta |
| 008 - DATOS DE LONGITUD FIJA--INFORMACIÓN GENERAL |
| campo de control de longitud fija |
210830b2020 a|||| |||| 00| 0 spa |
| 040 ## - FUENTE DE LA CATALOGACIÓN |
| Centro catalogador/agencia de origen |
DO-SdBNP |
| Lengua de catalogación |
spa |
| Centro/agencia transcriptor |
BNPHU |
| 082 #4 - NÚMERO DE LA CLASIFICACIÓN DECIMAL DEWEY |
| Número de edición |
22 |
| Número de clasificación |
853.92 |
| Número de documento/Ítem |
ST857m |
| 100 ## - ENTRADA PRINCIPAL--NOMBRE DE PERSONA |
| Nombre de persona |
Stilton, Geronimo |
| Fechas asociadas al nombre |
1958 |
| 9 (RLIN) |
79656 |
| 245 ## - MENCIÓN DE TÍTULO |
| Título |
Las mil maravillas : |
| Resto del título |
un viaje al descubrimiento de Italia / |
| Mención de responsabilidad, etc. |
Geronimo Stilton ; ilus. Ivan Bigarella ; trad. Miguel García. |
| 247 ## - TÍTULO ANTERIOR |
| Título |
Título original . Mille Meraviglie. Viaggio alla scoperta dell´ Italia. |
| 260 ## - PUBLICACIÓN, DISTRIBUCIÓN, ETC. |
| Lugar de publicación, distribución, etc. |
Milán - Italia : |
| Nombre del editor, distribuidor, etc. |
Piemme, |
| Fecha de publicación, distribución, etc. |
2020. |
| 300 ## - DESCRIPCIÓN FÍSICA |
| Extensión |
221 p. : |
| Otras características físicas |
il.; |
| Dimensiones |
22 cm. |
| 500 ## - NOTA GENERAL |
| Nota general |
Incluye índice |
| 500 ## - NOTA GENERAL |
| Nota general |
Basado en una idea original de Elisabetta Dami. |
| 500 ## - NOTA GENERAL |
| Nota general |
Título original . Mille Meraviglie. Viaggio alla scoperta dell´ Italia. |
| 590 ## - NOTA LOCAL (RLIN) |
| Nota local |
Inventariado, 2021 / SA |
| 650 #0 - PUNTO DE ACCESO ADICIONAL DE MATERIA--TÉRMINO DE MATERIA |
| 9 (RLIN) |
40243 |
| Término de materia o nombre geográfico como elemento de entrada |
Literatura Italiana |
| 650 #4 - PUNTO DE ACCESO ADICIONAL DE MATERIA--TÉRMINO DE MATERIA |
| Término de materia o nombre geográfico como elemento de entrada |
Narrativa Italiana |
| 9 (RLIN) |
79670 |
| 700 #1 - PUNTO DE ACCESO ADICIONAL--NOMBRE DE PERSONA |
| Nombre de persona |
Bigarella, Ivan |
| Término indicativo de función/relación |
ilustrador |
| 9 (RLIN) |
79657 |
| 700 #1 - PUNTO DE ACCESO ADICIONAL--NOMBRE DE PERSONA |
| Nombre de persona |
García, Miguel |
| Término indicativo de función/relación |
Traductor |
| 9 (RLIN) |
79658 |
| 910 ## - DATOS DE OPCIÓN DEL USUARIO (OCLC) |
| Datos de opción del usuario |
Saquino |
| 942 ## - ELEMENTOS DE PUNTO DE ACCESO ADICIONAL (KOHA) |
| Fuente del sistema de clasificación o colocación |
Dewey Decimal Classification |
| Tipo de ítem Koha |
Libro |